000 00502nam a22001937a 4500
005 20260601163307.0
010 _aENG-148660
020 _a9789347590726
_c225.00
035 _aEN-132192
037 _bDBAD
082 _aN
_21
100 _aAusten, Jane
245 _aPersuasion/
_cJane Austen
250 _a1
260 _aChandigarh
_bThe Browser
_c2026
270 _bChandigarh
_aSCO 14-15, Sector 8-C
_e160009
_mservice@thebrowser.org
300 _a206p.
_c21cm(pb)
942 _2ddc
_cEN
_hN
_mAUS
999 _c216434
_d216434